|
|
|
|
| LEADER |
01038nam a22002777a 4500 |
| 001 |
AAL5328 |
| 003 |
BD-DhAAL |
| 005 |
20160428104740.0 |
| 008 |
160428s 1996bg a|||| |||| 001 0 eng d |
| 020 |
|
|
|a 9840513664
|
| 040 |
|
|
|a BD-DhAAL
|c BD-DhAAL
|
| 082 |
|
|
|a 630/.7/15
|
| 100 |
|
|
|a Hassanullah, M
|9 19328
|
| 245 |
|
|
|a Performance of agricultural extension organizations of Bangladesh /
|c M Hassanullah; M Ahmad; H G A Siddiqui; et al
|
| 260 |
|
|
|a Dhaka :
|b University Press,
|c 1996.
|
| 300 |
|
|
|a 168 p. :
|b ill. ;
|c 24 cm
|
| 500 |
|
|
|a Includes index
|
| 541 |
|
|
|e 5328
|
| 650 |
|
|
|a Agricultural extension work
|x Evaluation.
|9 19329
|
| 650 |
|
|
|a Agricultural extension work
|x Evaluation.
|z Bangladesh
|9 19330
|
| 700 |
|
|
|a Ahmad, M
|9 19331
|
| 700 |
|
|
|a Siddiqui, H G A
|9 19332
|
| 852 |
|
|
|a Savar Campus Library
|c General Shelf
|
| 942 |
|
|
|2 ddc
|c BK
|
| 999 |
|
|
|c 37499
|d 37499
|
| 952 |
|
|
|0 0
|1 0
|2 ddc
|4 0
|6 630_000000000000000__7_15_HAS
|7 0
|9 58875
|a SCL
|b SCL
|c GEN
|d 2016-04-28
|g 300.00
|l 0
|o 630.715 HAS
|p 3020005328
|r 2016-04-28
|t 1
|w 2016-04-28
|y BK
|